000 00598nam a2200253Ia 4500
008 210210b1935 xxu||||| |||| 00| 0 eng d
041 _aeng
082 _a825/1029
100 _aEARL OF LYTTON
245 _aBeing the transactions of the royal society of literature Vol 14
260 _aLondon
_bOxford University Press
_c1935
440 _a14
650 _aVol
650 _atransactions
650 _athe
650 _asociety
650 _aroyal
650 _aof
650 _aliterature
650 _aBeing
650 _a14
690 _aEnglish Criticism
906 _a015344
999 _c134704
_d134704